000
00293nam a2200109Ia 4500
008
230907s9999||||xx |||||||||||||| ||und||
082
_a
660.28
_b
THA
245
0
_a
Introduction to process engineering and design /
260
_a
McGraw-Hill,
_b
New Delhi :
_c
2016
300
_a
898 p.
942
_c
BK
999
_c
600314
_d
600314